[Event "Druzynowe Mistrzostwa Polski Juniorow - Ekstraliga Juniorow 2019"]
[Site "DW Globus Ustron Jaszowiec ul. Turystyczna 6"]
[Date "1899-12-30"]
[Round "1.21"]
[White "Fiszer, Bartosz"]
[Black "Chyzy, Jakub"]
[Result "0-1"]
[WhiteTitle "CM"]
[BlackTitle "k"]
[WhiteElo "2105"]
[BlackElo "2093"]

1. e4 e5 2. Nf3 Nc6 3. Bb5 a6 4. Ba4 Nge7 5. O-O g6 6. c3 Bg7 7. d4 exd4 8. cxd4
b5 9. Bb3 O-O 10. Nc3 d6 11. h3 Na5 12. Bc2 c5 13. Bg5 h6 14. Bh4 g5 15. Bg3 Nc4
16. b3 Na3 17. Rc1 Nc6 18. Ne2 g4 19. hxg4 Bxg4 20. dxc5 Bxf3 21. gxf3 dxc5 22.
Bb1 Nxb1 23. Rxb1 Nd4 24. Kg2 f5 25. Re1 Nxe2 26. Rxe2 f4 27. Qxd8 Raxd8 28. Bh4
Rd6 29. Rc1 Bd4 30. Rd2 Rf7 31. Kh3 Rg7 32. a4 bxa4 33. bxa4 Re6 34. Rdd1 Reg6
35. Rb1 Kh7 36. a5 h5 37. Rdc1 Rg2 38. e5 R2g6 39. Bf6 Rg8 40. Rf1 Kh6 41. Rb6
c4 42. Rxa6 Bxe5 43. Rc6 Rxf6 44. Rxc4 Ra6 45. Rc5 Bd6 46. Rb5 Rg5 47. Rfb1 Rxb5
48. Rxb5 Bc7 49. Rb4 Rxa5 50. Rc4 Be5 51. Rc2 Kg5 52. Re2 Rb5 53. Kg2 Kf5 54.
Ra2 Bd4 55. Rd2 Rb4 56. Kh3 Ke5 57. Re2+ Kd5 58. Re4 Bc5 59. Re2 Rb3 60. Kg2 h4
61. Ra2 Bd4 62. Ra5+ Ke6 63. Ra6+ Bb6 64. Ra2 Kf5 65. Rd2 Bc7 66. Rd7 Be5 67.
Rf7+ Bf6 68. Ra7 Rb2 69. Ra4 Bc3 70. Ra3 Be1 71. Kh3 Bxf2 72. Ra5+ Ke6 73. Kg4
Bg3 74. Ra6+ Kd5 75. Ra1 0-1

[Event "Druzynowe Mistrzostwa Polski Juniorow - Ekstraliga Juniorow 2019"]
[Site "DW Globus Ustron Jaszowiec ul. Turystyczna 6"]
[Date "1899-12-30"]
[Round "1.22"]
[White "Czernek, Tymon"]
[Black "Rylski, Tadeusz"]
[Result "1-0"]
[WhiteTitle "I++"]
[BlackTitle "II+"]
[WhiteElo "2003"]
[BlackElo "1502"]

1. e4 c5 2. Nf3 e6 3. d4 cxd4 4. Nxd4 Nf6 5. Nc3 Nc6 6. Ndb5 Bb4 7. a3 Bxc3+ 8.
Nxc3 d5 9. exd5 exd5 10. Bd3 d4 11. Ne4 Nxe4 12. Bxe4 Qf6 13. O-O O-O 14. Qh5
h6 15. Qc5 Re8 16. f3 Re5 17. Qc4 Bf5 18. Bf4 Bxe4 19. Bxe5 Nxe5 20. Qb3 Bc6 21.
Rad1 Rd8 22. Rf2 Bd5 23. Qa4 Nc6 24. Qb5 Ne5 25. b3 Bc6 26. Qa5 Qg5 27. Qd2 Qg6
28. Kh1 Qf6 29. Qe2 Re8 30. Qf1 a6 31. a4 b5 32. Rxd4 bxa4 33. bxa4 h5 34. c3
Rb8 35. h3 Rb3 36. f4 Ng6 37. Qd3 Qh4 38. Re2 Ra3 39. Kh2 Bxa4 40. Qxa6 Nxf4 41.
Qc8+ Kh7 42. Qf5+ Kg8 43. Rxa4 Nxe2 44. Rxh4 1-0

[Event "Druzynowe Mistrzostwa Polski Juniorow - Ekstraliga Juniorow 2019"]
[Site "DW Globus Ustron Jaszowiec ul. Turystyczna 6"]
[Date "1899-12-30"]
[Round "1.23"]
[White "Moscicka, Pola"]
[Black "Swiech, Joanna"]
[Result "1-0"]
[WhiteTitle "k++"]
[BlackTitle "k"]
[WhiteElo "1858"]
[BlackElo "1879"]

1. d4 Nf6 2. c4 c5 3. d5 e6 4. Nc3 exd5 5. cxd5 d6 6. g3 Be7 7. Bg2 O-O 8. Nf3
Re8 9. O-O Bf8 10. Re1 Ne4 11. Nxe4 Rxe4 12. Qc2 Re8 13. a4 Na6 14. e4 Nb4 15.
Qb3 b6 16. Bg5 Be7 17. Bxe7 Rxe7 18. Nd2 Bb7 19. Nc4 Ba6 20. f4 Bxc4 21. Qxc4
Rb8 22. e5 Qc7 23. Rad1 Rbe8 24. Bh3 Rd8 25. e6 f6 26. g4 Rf8 27. Kh1 Qb7 28.
Qe4 g6 29. f5 g5 30. Bf1 Kg7 31. Kg2 a6 32. Be2 b5 33. axb5 axb5 34. h4 h6 35.
hxg5 hxg5 36. Rh1 Rh8 37. Bf3 Rxh1 38. Rxh1 Qa8 39. Kg3 Qg8 40. Qe2 c4 41. Qh2
Kf8 42. Ra1 Kg7 43. Kg2 Nd3 44. Qxd6 Qf8 45. Ra8 Re8 46. Qd7+ 1-0

[Event "Druzynowe Mistrzostwa Polski Juniorow - Ekstraliga Juniorow 2019"]
[Site "DW Globus Ustron Jaszowiec ul. Turystyczna 6"]
[Date "1899-12-30"]
[Round "1.24"]
[White "Wikar, Martyna"]
[Black "Zabrzanska, Weronika"]
[Result "1/2-1/2"]
[WhiteTitle "k+"]
[BlackTitle "I++"]
[WhiteElo "2020"]
[BlackElo "1748"]

1. e4 e5 2. Nf3 Nc6 3. Bc4 Bc5 4. O-O Nf6 5. d3 d6 6. c3 O-O 7. a4 a5 8. h3 h6
9. Re1 Ba7 10. Nbd2 Ne7 11. Nf1 Ng6 12. Ng3 c6 13. Bb3 Re8 14. d4 Qc7 15. Bc2
Be6 16. Be3 Rad8 17. Qe2 Bb6 18. Rad1 Bc8 19. Bb1 Bd7 20. Qc2 c5 21. dxe5 dxe5
22. Ba2 Bc6 23. Bc4 Kf8 24. Rxd8 Rxd8 25. Nd2 Qd7 26. b3 Ba7 27. Bf1 b6 28. Nc4
Qb7 29. Bc1 Ne8 30. Nf5 f6 31. f3 Ne7 32. Nfe3 Nd6 33. Qf2 Be8 34. Qh4 Ng6 35.
Qg3 Nc8 36. h4 Nce7 37. Ng4 h5 38. Nge3 Bb8 39. Qf2 Nf4 40. Qc2 Bg6 41. g3 Ne6
42. Kf2 Qc6 43. Na3 Bd6 44. Bb5 Qb7 45. Bc4 Nc7 46. Rd1 Nc8 47. Rd3 Qc6 48. Qd1
Bf7 49. Nf5 g6 50. Ne3 Bxc4 51. Nexc4 Ke7 52. Qd2 Rh8 53. Nb5 Nxb5 54. axb5 Qc7
55. Ne3 Kf7 56. Qa2 Kg7 57. Qa4 Qf7 58. Nd5 Rd8 59. Qc4 Bf8 60. Be3 1/2-1/2

[Event "Druzynowe Mistrzostwa Polski Juniorow - Ekstraliga Juniorow 2019"]
[Site "DW Globus Ustron Jaszowiec ul. Turystyczna 6"]
[Date "1899-12-30"]
[Round "1.25"]
[White "Gazik, Viktor"]
[Black "Czechowski, Jakub"]
[Result "1-0"]
[WhiteTitle "IM"]
[BlackTitle "I+"]
[WhiteElo "2520"]
[BlackElo "1922"]

1. e4 e5 2. Nf3 Nc6 3. Bc4 Nf6 4. d3 Bc5 5. c3 a6 6. Bb3 Ba7 7. h3 d6 8. Nbd2 h6
9. Nf1 Be6 10. Ng3 O-O 11. Nh2 d5 12. Qf3 dxe4 13. dxe4 Nh7 14. Nf5 Ne7 15. O-O
Kh8 16. Ng4 Ng6 17. Rd1 Qe8 18. Bc2 Qc6 19. Qg3 Qe8 20. h4 h5 21. Nh2 Rd8 22.
Re1 Rg8 23. Bd1 Ngf8 24. Bxh5 g6 25. Nh6 Rg7 26. Be2 Bc8 27. Bc4 f6 28. Qf3 b5
29. Bb3 Bb7 30. Be3 c5 31. Rad1 Ne6 32. Bxe6 1-0

[Event "Druzynowe Mistrzostwa Polski Juniorow - Ekstraliga Juniorow 2019"]
[Site "DW Globus Ustron Jaszowiec ul. Turystyczna 6"]
[Date "1899-12-30"]
[Round "1.26"]
[White "Koziorowicz, Michal"]
[Black "Godzwon, Iwo"]
[Result "1-0"]
[WhiteTitle "I++"]
[BlackTitle "FM"]
[WhiteElo "1985"]
[BlackElo "2285"]

1. e4 c5 2. Nf3 d6 3. d4 cxd4 4. Nxd4 Nf6 5. Nc3 a6 6. Be3 e6 7. f3 b5 8. Qd2 b4
9. Nce2 e5 10. Nb3 Nc6 11. g4 Be6 12. g5 Nd7 13. f4 Nb6 14. Ng3 Nc4 15. Bxc4 Bxc4
16. O-O-O Qc7 17. Nf5 O-O-O 18. fxe5 dxe5 19. Qf2 g6 20. Bb6 Rxd1+ 21. Rxd1 Qb8
22. Na5 Nd4 23. Nxc4 gxf5 24. Bxd4 exd4 25. Qxd4 Qf4+ 26. Kb1 1-0

[Event "Druzynowe Mistrzostwa Polski Juniorow - Ekstraliga Juniorow 2019"]
[Site "DW Globus Ustron Jaszowiec ul. Turystyczna 6"]
[Date "1899-12-30"]
[Round "1.27"]
[White "Turski, Bartlomiej"]
[Black "Dzida, Kamil"]
[Result "0-1"]
[WhiteTitle "I"]
[BlackTitle "I++"]
[WhiteElo "1967"]
[BlackElo "1987"]

1. e4 e5 2. Nf3 Nc6 3. Bb5 a6 4. Bxc6 dxc6 5. O-O Bg4 6. h3 h5 7. d3 Qf6 8. Be3
Bxf3 9. Qxf3 Qxf3 10. gxf3 Ne7 11. f4 exf4 12. Bxf4 O-O-O 13. Nd2 g5 14. Be3 Rg8
15. f3 f5 16. Kf2 b6 17. Ke2 c5 18. Rad1 f4 19. Bf2 Nc6 20. Rg1 Nb4 21. c3 Nxd3
22. Nc4 Nxf2 23. Kxf2 Be7 24. Ke2 Rxd1 25. Kxd1 Kd7 26. Ke2 Ke6 27. a4 b5 28.
Nd2 c4 29. axb5 axb5 30. Ra1 g4 31. Ra6+ Bd6 32. hxg4 hxg4 33. fxg4 Rxg4 34. e5
Kxe5 35. Ra5 Rg2+ 36. Ke1 c6 37. Nxc4+ Kd5 38. Nd2 Bc5 39. Ra8 Be3 40. Rd8+ Ke6
41. Nf1 Rxb2 42. Nxe3 fxe3 43. Re8+ Kd5 44. Rxe3 Kc4 45. Kd1 Rh2 46. Rg3 c5 47.
Rf3 Kb3 48. Rf5 c4 49. Rxb5+ Kxc3 50. Rg5 Rh1+ 51. Ke2 Kc2 52. Ke3 c3 53. Kd4
Rh4+ 54. Ke3 Kb3 55. Kd3 Rh3+ 56. Ke2 c2 57. Rb5+ Kc3 58. Rc5+ Kb2 0-1

[Event "Druzynowe Mistrzostwa Polski Juniorow - Ekstraliga Juniorow 2019"]
[Site "DW Globus Ustron Jaszowiec ul. Turystyczna 6"]
[Date "1899-12-30"]
[Round "1.28"]
[White "Wysocki, Mateusz"]
[Black "Bogusz, Alan"]
[Result "0-1"]
[WhiteTitle "I"]
[BlackTitle "I"]
[WhiteElo "1634"]
[BlackElo "1730"]

1. e4 c5 2. Nf3 d6 3. c3 Nf6 4. Be2 g6 5. O-O Bg7 6. Bb5+ Nbd7 7. Re1 O-O 8. d4
cxd4 9. cxd4 a6 10. Bf1 e6 11. Nc3 b5 12. a3 Bb7 13. Bf4 Nb6 14. Qd2 Rc8 15. Rad1
Qd7 16. Bh6 Nc4 17. Bxc4 Rxc4 18. Bxg7 Kxg7 19. Qd3 Rfc8 20. Nd2 R4c7 21. f3 Qc6
22. Rc1 Qb6 23. Kh1 b4 24. Ne2 a5 25. Rxc7 Rxc7 26. Nf1 Ba6 27. Qd2 Qb5 28. Ne3
Rc8 29. axb4 axb4 30. h3 Kg8 31. Rc1 Rxc1+ 32. Nxc1 Nh5 33. Na2 b3 34. Nc3 Qg5
35. Qf2 Nf4 36. Qd2 Nxg2 37. Qxg2 Qxe3 38. d5 e5 39. Kh2 Bd3 40. Kh1 Qc1+ 41.
Kh2 Qe1 42. Qg3 Qxc3 43. bxc3 b2 44. Qh4 b1=Q 45. Qd8+ Kg7 46. Qxd6 Qc2+ 47. Kg3
Qxc3 48. Qe7 Qe1+ 49. Kg4 h5+ 0-1

[Event "Druzynowe Mistrzostwa Polski Juniorow - Ekstraliga Juniorow 2019"]
[Site "DW Globus Ustron Jaszowiec ul. Turystyczna 6"]
[Date "1899-12-30"]
[Round "1.29"]
[White "Jarocka, Liwia"]
[Black "Raczykowska, Paulina"]
[Result "0-1"]
[WhiteTitle "FM"]
[BlackTitle "k"]
[WhiteElo "2102"]
[BlackElo "1893"]

1. e4 e5 2. Nf3 Nc6 3. Bb5 a6 4. Ba4 Nge7 5. c3 g6 6. d4 exd4 7. cxd4 b5 8. Bb3
Bg7 9. d5 Na5 10. Bd2 Nxb3 11. Qxb3 d6 12. Bc3 O-O 13. Bxg7 Kxg7 14. Nbd2 Bd7
15. Nd4 Rc8 16. h4 h5 17. Qc3 Kg8 18. Qg3 c6 19. Qxd6 cxd5 20. O-O dxe4 21. Nxe4
Nf5 22. Qxd7 Nxd4 23. Qxd8 Rfxd8 24. Rab1 Ne2+ 25. Kh2 Rc4 26. f3 f5 27. Rbe1
Nf4 28. Nf2 Rd2 29. b3 Rcc2 30. Kg3 Ne2+ 31. Kh2 Nd4 32. Rd1 Rxa2 33. Rxd2 Rxd2
34. Nh3 Nxb3 35. Kg3 a5 36. Re1 a4 37. Re3 Nd4 38. Kf4 Rxg2 39. Ke5 Re2 40. Rxe2
Nxe2 41. Nf2 a3 42. Kd4 0-1

[Event "Druzynowe Mistrzostwa Polski Juniorow - Ekstraliga Juniorow 2019"]
[Site "DW Globus Ustron Jaszowiec ul. Turystyczna 6"]
[Date "1899-12-30"]
[Round "1.30"]
[White "Siekanska, Maria"]
[Black "Hertlein, Irena"]
[Result "1-0"]
[WhiteTitle "I++"]
[BlackTitle "I++"]
[WhiteElo "1559"]
[BlackElo "1612"]

1. d4 Nf6 2. c4 e6 3. Nc3 Bb4 4. e3 b6 5. Nge2 c5 6. a3 Ba5 7. Rb1 Na6 8. g3 Bb7
9. d5 b5 10. cxb5 Nxd5 11. b4 cxb4 12. Ne4 bxa3+ 13. Bd2 Nab4 14. Bg2 O-O 15.
O-O a2 16. Rb2 Qb6 17. Qa4 a6 18. Bxb4 Bxb4 19. Qxa2 axb5 20. Qb1 Bc6 21. Ng5
g6 22. Bxd5 Bxd5 23. Rxb4 f6 24. Rxb5 Qa6 25. Nh3 Bc4 26. Rb6 Qa5 27. Re1 Qh5
28. Nhf4 Qg4 29. h3 Qg5 30. Qb4 Ba6 31. Ra1 Bxe2 32. Rxa8 Rxa8 33. Rb8+ Rxb8 34.
Qxb8+ Kg7 35. Nxe2 Qd5 36. Nc3 Qd2 37. Qb4 d5 38. Qe7+ Kh6 39. Qxf6 Qd3 40. Qf4+
Kh5 41. g4+ Kh4 42. g5+ 1-0

[Event "Druzynowe Mistrzostwa Polski Juniorow - Ekstraliga Juniorow 2019"]
[Site "DW Globus Ustron Jaszowiec ul. Turystyczna 6"]
[Date "1899-12-30"]
[Round "2.1"]
[White "Psyk, Radoslaw"]
[Black "Czechowski, Jakub"]
[Result "1-0"]
[WhiteTitle "k++"]
[BlackTitle "I+"]
[WhiteElo "2311"]
[BlackElo "1922"]

1. e4 e5 2. Nf3 Nc6 3. Bb5 a6 4. Ba4 Nf6 5. O-O Be7 6. Re1 b5 7. Bb3 d6 8. c3 O-O
9. h3 Na5 10. Bc2 c5 11. d4 Qc7 12. Nbd2 Bd7 13. Nf1 h6 14. b3 Rfe8 15. d5 Nb7
16. c4 Reb8 17. Bd2 Bf8 18. g4 h5 19. gxh5 Bxh3 20. N1h2 Qc8 21. Ng5 Bd7 22. Qf3
Be7 23. Kh1 Nd8 24. Rg1 Ne8 25. h6 f6 26. hxg7 fxg5 27. Bxg5 Nf6 28. Bxf6 Bxf6
29. Qxf6 Nf7 30. Bd1 Qd8 31. Qg6 bxc4 32. Bh5 Qe8 33. Bg4 1-0

[Event "Druzynowe Mistrzostwa Polski Juniorow - Ekstraliga Juniorow 2019"]
[Site "DW Globus Ustron Jaszowiec ul. Turystyczna 6"]
[Date "1899-12-30"]
[Round "2.2"]
[White "Koziorowicz, Michal"]
[Black "Malicka, Maria"]
[Result "1-0"]
[WhiteTitle "I++"]
[BlackTitle "WCM"]
[WhiteElo "1985"]
[BlackElo "2115"]

1. e4 e5 2. Nf3 Nc6 3. Bc4 Bc5 4. c3 Nf6 5. d3 a6 6. Bb3 h6 7. Nbd2 Ba7 8. h3 O-O
9. Nf1 d5 10. Qe2 Be6 11. Ng3 Qd7 12. Bc2 Rad8 13. Nh4 Ne7 14. Qf3 Ne8 15. Ngf5
dxe4 16. dxe4 Nxf5 17. Nxf5 Bxf5 18. exf5 c6 19. O-O Qe7 20. Re1 f6 21. Be3 Bxe3
22. Qxe3 Nc7 23. Rad1 Nd5 24. Bb3 Kh8 25. Qe4 Qc5 26. Qc2 Rfe8 27. Rd2 Qe7 28.
Red1 Nf4 29. Kh2 Qc7 30. g3 Nd5 31. Bxd5 cxd5 32. Rxd5 Rxd5 33. Rxd5 Rd8 34. Rxd8+
Qxd8 35. b4 Qd5 36. c4 Qf3 37. c5 Qa3 38. Qc4 Qf3 39. Qc2 Qa3 40. Qc4 Qf3 41.
Kg1 Qxf5 42. a4 e4 43. b5 e3 44. fxe3 Qxh3 45. c6 Qxg3+ 46. Kf1 axb5 47. axb5
Qf3+ 48. Ke1 bxc6 49. bxc6 Qxe3+ 50. Kd1 Qf3+ 51. Kc2 Qf2+ 52. Kb3 Qb6+ 53. Ka4
Qa7+ 54. Kb5 Qb8+ 55. Kc5 f5 56. Qf7 Qe5+ 57. Kb6 Qb2+ 58. Ka7 Qd4+ 59. Kb8 f4
60. c7 Qb6+ 61. Kc8 Qd6 62. Kb7 Qb4+ 63. Kc6 Qc3+ 64. Kd7 Qd4+ 65. Ke8 Qe5+ 66.
Kd8 Qd6+ 67. Qd7 Qf6+ 68. Qe7 Qd4+ 69. Ke8 Qc4 70. Qf8+ Kh7 71. Qf5+ Kh8 72. c8=Q
Qxc8+ 73. Qxc8 1-0

[Event "Druzynowe Mistrzostwa Polski Juniorow - Ekstraliga Juniorow 2019"]
[Site "DW Globus Ustron Jaszowiec ul. Turystyczna 6"]
[Date "1899-12-30"]
[Round "2.3"]
[White "Iwaszkiewicz, Krzysztof"]
[Black "Dzida, Kamil"]
[Result "0-1"]
[WhiteTitle "I"]
[BlackTitle "I++"]
[WhiteElo "1770"]
[BlackElo "1987"]

1. d4 Nf6 2. Bf4 e6 3. e3 c5 4. Nf3 Nc6 5. h3 Be7 6. c3 O-O 7. Nbd2 d5 8. Bd3 b6
9. O-O Bb7 10. Qe2 Rc8 11. a4 Re8 12. Bb5 c4 13. b3 cxb3 14. Nxb3 Ne4 15. Rfc1
Nd6 16. Nfd2 Bf6 17. Bh2 Qe7 18. Nf3 Red8 19. Bd3 e5 20. Bb1 Nc4 21. Nbd2 Nxd2
22. Qxd2 e4 23. Ne1 Na5 24. Ba2 Ba6 25. Nc2 Qd7 26. Nb4 Bc4 27. Bxc4 Rxc4 28.
Qb2 Rdc8 29. Rc2 Be7 30. Rac1 Bxb4 31. cxb4 Qxa4 32. Rxc4 Nxc4 33. Qc3 a5 34.
bxa5 bxa5 35. Qb2 Qd1+ 36. Rxd1 Nxb2 37. Rb1 Nd3 38. Bd6 Rc1+ 39. Rxc1 Nxc1 40.
Kf1 Nd3 41. Ba3 f5 42. f3 Kf7 43. Ke2 Ke6 44. g4 g6 45. gxf5+ Kxf5 46. fxe4+ Kxe4
47. Bd6 Nb2 48. Ba3 Nc4 49. Bc1 a4 50. Kf2 a3 51. Bxa3 Nxa3 52. Kg3 Kxe3 53. Kg4
Kxd4 54. Kg5 Ke5 0-1

[Event "Druzynowe Mistrzostwa Polski Juniorow - Ekstraliga Juniorow 2019"]
[Site "DW Globus Ustron Jaszowiec ul. Turystyczna 6"]
[Date "1899-12-30"]
[Round "2.4"]
[White "Wysocki, Mateusz"]
[Black "Klim, Filip"]
[Result "1-0"]
[WhiteTitle "I"]
[BlackTitle "I"]
[WhiteElo "1634"]
[BlackElo "1557"]

1. e4 e5 2. Nf3 Nc6 3. Bb5 a6 4. Ba4 Nf6 5. O-O b5 6. Bb3 Bc5 7. c3 d6 8. d4 Bb6
9. a4 Rb8 10. axb5 axb5 11. Na3 O-O 12. Nxb5 Bg4 13. Bc2 Qe8 14. Ra4 Kh8 15. Be3
Ne7 16. Na3 Nxe4 17. dxe5 f5 18. Bxb6 Rxb6 19. Nc4 Rb8 20. exd6 cxd6 21. Ne3 Bxf3
22. gxf3 Ng5 23. h4 Ne6 24. Qxd6 Rf6 25. Qh2 Rxb2 26. Rb4 Rxb4 27. cxb4 Qh5 28.
Bd1 Nd4 29. Qf4 Ne6 30. Qh2 f4 31. Ng4 Rg6 32. Re1 Nf5 33. Re5 h6 34. Kf1 Qxh4
35. Qxh4 Nxh4 36. Bc2 Nd4 37. Bxg6 Nxg6 38. Re8+ Kh7 39. Ne5 Nxe5 40. Rxe5 Nc6
41. Re4 g5 42. b5 Nb8 43. Re8 1-0

[Event "Druzynowe Mistrzostwa Polski Juniorow - Ekstraliga Juniorow 2019"]
[Site "DW Globus Ustron Jaszowiec ul. Turystyczna 6"]
[Date "1899-12-30"]
[Round "2.5"]
[White "Kaczmarska, Joanna"]
[Black "Raczykowska, Paulina"]
[Result "1-0"]
[WhiteTitle "k+"]
[BlackTitle "k"]
[WhiteElo "2010"]
[BlackElo "1893"]

1. d4 Nf6 2. c4 e6 3. Nc3 Bb4 4. Qc2 O-O 5. e4 d5 6. e5 Ne4 7. Bd3 c5 8. Nge2 cxd4
9. Nxd4 Nd7 10. Bf4 Qh4 11. g3 Qh5 12. O-O g5 13. cxd5 Bxc3 14. bxc3 exd5 15.
Bc1 Nxe5 16. Bxe4 dxe4 17. Qxe4 Ng4 18. Qg2 Nf6 19. Re1 Rb8 20. h4 h6 21. Ba3
Re8 22. Be7 Qg6 23. hxg5 Qxg5 24. Qf3 Rxe7 25. Rxe7 Bg4 26. Qe3 Qg6 27. f3 Bh3
28. Qe5 Rc8 29. Kh2 Bg4 30. Kg2 Bh5 31. Nf5 Rd8 32. Rxb7 Kh7 33. Nd6 Rd7 34. Rxd7
Nxd7 35. Qf5 Qxf5 36. Nxf5 Ne5 37. g4 Bg6 38. Rh1 h5 39. Ng3 Kg8 40. gxh5 Bd3
41. Re1 Nc6 42. Re8+ Kg7 43. Rc8 Ne5 44. Rc5 Nc4 45. Kf2 Nb6 46. Ra5 a6 47. Ne4
Bc4 48. Nc5 Nd5 49. Nxa6 Nxc3 50. Rc5 Nd1+ 51. Ke1 Nb2 52. Nb4 Be6 53. Kd2 Na4
54. Rg5+ Kh6 55. f4 Nb6 56. Kc3 Nd7 57. Nd5 Nf8 58. a4 Nh7 59. Re5 1-0

[Event "Druzynowe Mistrzostwa Polski Juniorow - Ekstraliga Juniorow 2019"]
[Site "DW Globus Ustron Jaszowiec ul. Turystyczna 6"]
[Date "1899-12-30"]
[Round "2.6"]
[White "Siekanska, Maria"]
[Black "Kandula, Jasmina"]
[Result "1-0"]
[WhiteTitle "I++"]
[BlackTitle "II+"]
[WhiteElo "1559"]
[BlackElo "1040"]

1. d4 d5 2. c4 e6 3. Nc3 Nf6 4. cxd5 exd5 5. Bg5 Nbd7 6. e3 Be7 7. Bd3 c6 8. Nge2
Nf8 9. O-O Ne6 10. Bh4 O-O 11. a3 Nh5 12. Bxe7 Qxe7 13. f3 f5 14. Qd2 Ng5 15.
Rae1 Re8 16. Nc1 Qf6 17. Bb1 g6 18. e4 Be6 19. e5 Qe7 20. Ba2 Nf7 21. Nd3 b6 22.
b4 Rad8 23. a4 Qc7 24. Rc1 a5 25. bxa5 bxa5 26. Nc5 Qa7 27. Ne2 Rb8 28. Kh1 Rb4
29. Rfd1 Ng7 30. Nxe6 Nxe6 31. Rxc6 Reb8 32. Bxd5 Nxd4 33. Rf6 Rf8 34. Nxd4 Qe7
35. Nc6 Qc7 36. Nxb4 Qxe5 37. Rxf7 Rxf7 38. Bxf7+ Kxf7 39. Qd5+ Qxd5 40. Nxd5
1-0

[Event "Druzynowe Mistrzostwa Polski Juniorow - Ekstraliga Juniorow 2019"]
[Site "DW Globus Ustron Jaszowiec ul. Turystyczna 6"]
[Date "1899-12-30"]
[Round "2.7"]
[White "Kozak, Antoni"]
[Black "Gazik, Viktor"]
[Result "1-0"]
[WhiteTitle "k++"]
[BlackTitle "IM"]
[WhiteElo "2365"]
[BlackElo "2520"]

1. Nf3 c5 2. c4 Nc6 3. b3 d6 4. Bb2 e5 5. e3 g5 6. d4 g4 7. d5 Nce7 8. Nfd2 h5
9. Bd3 f5 10. f4 Bg7 11. O-O Nf6 12. fxe5 Nd7 13. Bxf5 Nxf5 14. Rxf5 Nxe5 15.
Bxe5 Bxe5 16. Rxe5+ dxe5 17. Nc3 Qg5 18. Qe2 b6 19. b4 cxb4 20. Nce4 Qh6 21. c5
bxc5 22. Qb5+ Kd8 23. Nc4 Ba6 24. Qa5+ Ke7 25. Qxc5+ Kf7 26. Rf1+ Kg8 27. Nf6+
Kg7 28. Qe7+ 1-0

[Event "Druzynowe Mistrzostwa Polski Juniorow - Ekstraliga Juniorow 2019"]
[Site "DW Globus Ustron Jaszowiec ul. Turystyczna 6"]
[Date "1899-12-30"]
[Round "2.8"]
[White "Godzwon, Iwo"]
[Black "Mis, Mieszko"]
[Result "1-0"]
[WhiteTitle "FM"]
[BlackTitle "FM"]
[WhiteElo "2285"]
[BlackElo "2284"]

1. e4 c6 2. d4 d5 3. Nd2 dxe4 4. Nxe4 Bf5 5. Ng3 Bg6 6. h4 h6 7. Nf3 Nd7 8. h5
Bh7 9. Bd3 Bxd3 10. Qxd3 e6 11. Bd2 Ngf6 12. O-O-O Be7 13. Kb1 Rc8 14. Ne4 c5
15. g4 cxd4 16. Qxd4 Qc7 17. Bc3 Nxe4 18. Qxe4 Bf6 19. Bxf6 Nxf6 20. Qa4+ Qc6
21. Qxc6+ Rxc6 22. Ne5 Rc7 23. Rd4 Ke7 24. Rhd1 Rc5 25. Nd7 Rc7 26. Ne5 Rc5 27.
f4 Rhc8 28. c4 a5 29. b3 b5 30. Kb2 bxc4 31. bxc4 Rb8+ 32. Ka3 Rb7 33. R1d3 a4
34. Rd2 Rcc7 35. Rb2 Ra7 36. Rb4 Ne8 37. Rxa4 Rxa4+ 38. Kxa4 Ra7+ 39. Kb5 Nd6+
40. Kc5 Ra5+ 41. Kb6 Ra4 42. c5 Rxd4 43. Nc6+ Kd7 44. Nxd4 Nc4+ 45. Kb5 Ne3 46.
a4 Nxg4 47. c6+ Kc7 48. Kc5 Nf6 49. Nb5+ Kc8 50. a5 Nxh5 51. a6 Nxf4 52. a7 1-0

[Event "Druzynowe Mistrzostwa Polski Juniorow - Ekstraliga Juniorow 2019"]
[Site "DW Globus Ustron Jaszowiec ul. Turystyczna 6"]
[Date "1899-12-30"]
[Round "2.9"]
[White "Chyzy, Jakub"]
[Black "Turski, Bartlomiej"]
[Result "1-0"]
[WhiteTitle "k"]
[BlackTitle "I"]
[WhiteElo "2093"]
[BlackElo "1967"]

1. e4 c5 2. Nc3 Nc6 3. Bb5 Nd4 4. Bc4 e6 5. Nf3 Ne7 6. Nxd4 cxd4 7. Ne2 Nc6 8.
d3 b5 9. Bb3 Bc5 10. O-O Na5 11. c3 Nc6 12. a4 b4 13. cxd4 Nxd4 14. Be3 Qf6 15.
Rc1 d6 16. Nxd4 Bxd4 17. Bxd4 Qxd4 18. Qd2 a5 19. Rc4 Qb6 20. Rfc1 Bb7 21. Rc7
O-O 22. Qg5 Rae8 23. h4 h6 24. Qb5 Qxb5 25. axb5 Rc8 26. f3 Rxc7 27. Rxc7 Rb8
28. d4 Kf8 29. Kf2 Ke8 30. Ba4 Kf8 31. Ke3 Ke8 32. Kd3 d5 33. e5 Kf8 34. Ke3 g6
35. g4 Ke8 36. f4 Bc8 37. b6+ Kf8 38. Bb5 Kg7 39. Be8 Kf8 40. Bb5 Bb7 41. Kd2
Kg7 42. Be8 Rxe8 43. Rxb7 Rc8 44. Rc7 Rb8 45. b7 a4 46. g5 h5 47. Kc2 1-0

[Event "Druzynowe Mistrzostwa Polski Juniorow - Ekstraliga Juniorow 2019"]
[Site "DW Globus Ustron Jaszowiec ul. Turystyczna 6"]
[Date "1899-12-30"]
[Round "2.10"]
[White "Bogusz, Alan"]
[Black "Czernek, Tymon"]
[Result "0-1"]
[WhiteTitle "I"]
[BlackTitle "I++"]
[WhiteElo "1730"]
[BlackElo "2003"]

1. e4 c5 2. Nf3 d6 3. d4 cxd4 4. Nxd4 Nf6 5. Nc3 a6 6. Qf3 g6 7. h3 Bg7 8. Be3
Bd7 9. g4 O-O 10. O-O-O Nc6 11. Kb1 Rc8 12. Qg2 b5 13. f4 b4 14. Nd5 Nxd5 15.
exd5 Nxd4 16. Bxd4 Ba4 17. b3 Bb5 18. Bxg7 Kxg7 19. Qd2 Bxf1 20. Rhxf1 Qb6 21.
f5 Rc3 22. Qf4 Qc5 23. f6+ exf6 24. Qxf6+ Kg8 25. Rf2 Rxh3 26. g5 a5 27. Rf4 a4
28. Rc4 Qa5 29. Rf4 axb3 30. axb3 Rh2 31. Qe7 Rh5 32. Qf6 Rh3 33. Qe7 Rc3 34.
Qb7 Qc5 35. Rc1 Rg3 36. Rxb4 Rxg5 37. Rb5 Qc3 38. Rb6 Qa5 39. Rb5 Qc3 40. Rb6
Qe5 41. Rb5 h5 42. Qc7 h4 43. Rh1 Qe4 44. Rh3 Rg3 45. Qd7 Ra8 46. Rb7 Qe1+ 0-1

[Event "Druzynowe Mistrzostwa Polski Juniorow - Ekstraliga Juniorow 2019"]
[Site "DW Globus Ustron Jaszowiec ul. Turystyczna 6"]
[Date "1899-12-30"]
[Round "2.11"]
[White "Swiech, Joanna"]
[Black "Jarocka, Liwia"]
[Result "1-0"]
[WhiteTitle "k"]
[BlackTitle "FM"]
[WhiteElo "1879"]
[BlackElo "2102"]

1. d4 Nf6 2. c4 e6 3. a3 b6 4. Nc3 Bb7 5. Bg5 d5 6. cxd5 exd5 7. Nf3 Be7 8. e3
O-O 9. Bd3 Nbd7 10. O-O c5 11. Rc1 Ne4 12. Bxe7 Qxe7 13. Bb1 Nxc3 14. Rxc3 Nf6
15. dxc5 bxc5 16. Qa4 Rfc8 17. Qh4 Rc7 18. Rfc1 Rac8 19. Bf5 Re8 20. h3 g6 21.
Bb1 Rec8 22. Nd2 Kg7 23. Nb3 Qd6 24. Qa4 Ba8 25. Qa5 Nd7 26. Rd3 Nb6 27. Nd2 Qf6
28. Qc3 Bb7 29. Qxf6+ Kxf6 30. Rdc3 Ba6 31. Bd3 c4 32. Be2 Na4 33. R3c2 Ke7 34.
b3 Nb6 35. bxc4 dxc4 36. Nb1 Na4 37. Nc3 Nxc3 38. Rxc3 Rc5 39. Kf1 Bb7 40. g3
Bd5 41. h4 Be6 42. Ke1 R8c7 43. Rb1 Kd7 44. Rbc1 Kc8 45. Kd2 a6 46. Ke1 Kb7 47.
Kd2 Kb6 48. Ke1 Rc8 49. Kd2 Ka5 50. Ke1 Rb5 51. e4 Rb3 52. Bd1 Rxc3 53. Rxc3 Kb5
54. Kd2 Rd8+ 55. Kc1 Kc5 56. Bc2 Kd4 57. Kd2 Rb8 58. Re3 Rb2 59. Kc1 Rb5 60. Re1
Ra5 61. Rd1+ Kc3 62. a4 Rc5 63. Rd6 a5 64. Rb6 Rc7 65. Rb5 Rd7 66. Bd1 Rd2 67.
f3 Ra2 68. Kb1 Rg2 69. Kc1 Ra2 70. Kb1 Ra3 71. Rb2 Kd4 72. Rb5 Ke3 73. Rxa5 Kd2
74. Bc2 c3 75. Rd5+ Bxd5 76. exd5 Ra1+ 77. Kxa1 Kxc2 78. d6 Kb3 79. Kb1 1-0

[Event "Druzynowe Mistrzostwa Polski Juniorow - Ekstraliga Juniorow 2019"]
[Site "DW Globus Ustron Jaszowiec ul. Turystyczna 6"]
[Date "1899-12-30"]
[Round "2.12"]
[White "Hertlein, Irena"]
[Black "Wikar, Martyna"]
[Result "1/2-1/2"]
[WhiteTitle "I++"]
[BlackTitle "k+"]
[WhiteElo "1612"]
[BlackElo "2020"]

1. e4 c5 2. Nf3 Nc6 3. d4 cxd4 4. Nxd4 Nf6 5. Nc3 e5 6. Ndb5 d6 7. Bg5 a6 8. Na3
b5 9. Nd5 Be7 10. Bxf6 Bxf6 11. c4 b4 12. Nc2 a5 13. Qf3 Be6 14. Rd1 Bxd5 15.
cxd5 Na7 16. Bd3 O-O 17. O-O Nc8 18. Ne3 Nb6 19. b3 Nd7 20. Bb5 Nc5 21. Bc6 Ra7
22. Nc4 Bg5 23. g3 f5 24. exf5 g6 25. Qe2 gxf5 26. f3 Rg7 27. Rf2 e4 28. f4 Bf6
29. Ne3 Nd3 30. Rxd3 exd3 31. Qxd3 Re7 32. Nxf5 Re1+ 33. Rf1 Qb6+ 34. Kg2 Rxf1
35. Kxf1 Qc5 36. Qe2 Kh8 37. Qe6 Be5 38. fxe5 Qc1+ 39. Kg2 Qc2+ 40. Kh3 Qxf5+
41. Qxf5 Rxf5 42. exd6 Kg7 43. Kg4 Rf8 44. Kg5 1/2-1/2